Qui a dit cette réplique Marvel #1 - Statistiques

Statistiques générales
  • Ce quiz a été pris 5 080 fois
    1 554 depuis la dernière actualisation
  • Le résultat moyen est 7 sur 16
Statistiques - réponses
Hint Réplique Réponse % Correct
3 Il y a pleins d'hommes qui ont décidés de faire don de leur vie. J'ai le devoir d'être à la hauteur de ces hommes. Captain America (Steve Rogers)
84%
6 Un jour quand nous étions enfants il s'est transformé en serpent et il sait que j'adore les serpents. Thor
83%
13 Pourquoi est Gamora Drax
78%
10 Vous avez dormi. Pendant près de 70 ans. Nick Fury
72%
12 Je ne veux pas retourner en prison. J'ai une fille de 7 ans. Ant man (Scott Lang)
66%
1 Ne pas bouffer quelqu'un ça n'a rien d'un exploit !Pour une personne normalement constituée ! Star Lord (Peter Quill)
57%
14 Pour quel maître travailler vous ? Doctor Strange
55%
9 Tu fourrais du papier journal dans tes chaussures. Bucky
54%
5 Je veux aller jusqu'au bout de notre plan. Je veux le monstre vert. La sorcière rouge (Wanda Maximoff)
48%
8 C'était pas dans les dossiers du SHIELD et c'est très bien comme ça. Hawkeye (Clint Barton)
45%
2 On ne m'a pas injecté de super sérum. Je n'ai pas les cheveux blonds, ni les yeux bleus. Faucon (Sam Wilson)
38%
11 Je viens d'assurer une garde de 24 heures en maladies infectieuses. Sharon Carter
14%
4 Et ou tu crois que j'étais pendant tout ce temps ? Yelena Belova
13%
7 Je viens d'enterrer la dernière personne qui me connaissait vraiment. Mon coeur est enterré avec elle. Shuri
7%
15 Peut être parce que vous cherchez une tout autre beauté. Heimdall
2%
16 Je passe mon temps à vivre dans un monde imaginaire Kamala Khan
1%
Aucun quiz correspondant
Distribution des résultats
% des personnes avec chaque résultat
Percentile par nombre de réponses
Votre historique - résultats
Vous n’avez pas pris ce quiz depuis la dernière actualisation